000 00302nam a22001337a 4500
003 SGT
082 _a611
_bKUM
100 _aKUMAR, N.
245 _aANATOMY, PHYSIOLOGY AND HEALTH EDUCATION
250 _a2ND
260 _aINDIA
_bAITBS PUB.
_c2024
650 _aHEALTH EDUCATION
942 _2ddc
_cBK
999 _c33002
_d33002